Academy Award for Best Visual Effects Winners - Statistics

General Stats
  • This quiz has been taken 14 times
  • The average score is 25 of 55
Answer Stats
Hint Answer % Correct
2009 Avatar
92%
1977 Star Wars
85%
1997 Titanic
85%
2001 The Lord of the Rings: The Fellowship of the Ring
77%
2003 The Lord of the Rings: The Return of the King
77%
2010 Inception
69%
1983 Return of the Jedi
69%
2008 The Curious Case of Benjamin Button
69%
1980 The Empire Strikes Back
69%
2017 Blade Runner 2049
62%
2018 First Man
62%
2014 Interstellar
62%
2012 Life of Pi
62%
2016 The Jungle Book
62%
1982 E.T the Extra Terrestrial
54%
1994 Forrest Gump
54%
2000 Gladiator
54%
2013 Gravity
54%
2011 Hugo
54%
1984 Indiana Jones and the Temple of Doom
54%
1993 Jurassic Park
54%
2005 King Kong
54%
2004 Spider-Man 2
54%
2007 The Golden Compass
54%
1999 The Matrix
54%
1968 2001: A Space Odyssey
46%
1979 Alien
46%
1986 Aliens
46%
1995 Babe
46%
1985 Cocoon
46%
2015 Ex Machina
46%
1964 Mary Poppins
46%
1981 Raiders of the Lost Ark
46%
1978 Superman
46%
1989 The Abyss
46%
1988 Who Framed Roger Rabbit
46%
1996 Independence Day
38%
1991 Terminator 2: Judgement Day
38%
2002 The Lord of the Rings: The Two Towers
38%
1998 What Dreams May Come
38%
1963 Cleopatra
31%
1992 Death Becomes Her
31%
2006 Pirates of the Caribbean: Dead Man's Chest
31%
1965 Thunderball
31%
1990 Total Recall
31%
1987 Innerspace
23%
1972 The Poseidon Adventure
23%
1970 Tora! Tora! Tora!
23%
1967 Doctor Dolittle
15%
1974 Earthquake
15%
1971 Bedknobs and Broomsticks
8%
1966 Fantastic Voyage
8%
1969 Marooned
8%
1975 The Hindenburg
8%
1976 King Kong, Logan's Run
0%
No matching quizzes found
Score Distribution
Percent of People with Each Score
Percentile by Number Answered
Your Score History
You have not taken this quiz